The effects of temperature on the electric potential and operating life of dry cells / (Record no. 96669)
[ view plain ]
| 000 -LEADER | |
|---|---|
| fixed length control field | 00904nam a2200217 a 4500 |
| 003 - CONTROL NUMBER IDENTIFIER | |
| control field | 0 |
| 005 - DATE AND TIME OF LATEST TRANSACTION | |
| control field | 20250505142413.0 |
| 008 - FIXED-LENGTH DATA ELEMENTS--GENERAL INFORMATION | |
| fixed length control field | 021114s19uu xx 00 eng d |
| 050 ## - LIBRARY OF CONGRESS CALL NUMBER | |
| Classification number | PGS TK 2945.T4 |
| Item number | .M637 2002 |
| 100 ## - MAIN ENTRY--PERSONAL NAME | |
| Personal name | Milano, Jorge Miguel N. |
| 245 ## - TITLE STATEMENT | |
| Title | The effects of temperature on the electric potential and operating life of dry cells / |
| Statement of responsibility, etc | Jorge Miguel N.Milano. |
| 260 ## - PUBLICATION, DISTRIBUTION, ETC. (IMPRINT) | |
| Place of publication, distribution, etc | Las Piñas City, Philippines : |
| Name of publisher, distributor, etc | Southville International School and Colleges, |
| Date of publication, distribution, etc | 2002. |
| 300 ## - PHYSICAL DESCRIPTION | |
| Extent | 39 pages : |
| Other physical details | colored illustrations ; |
| Dimensions | 28 cm. |
| 504 ## - BIBLIOGRAPHY, ETC. NOTE | |
| Bibliography, etc | Includes bibliographic references. |
| 650 ## - SUBJECT ADDED ENTRY--TOPICAL TERM | |
| Topical term or geographic name as entry element | Dry cells |
| Form subdivision | Thermal effects. |
| 650 ## - SUBJECT ADDED ENTRY--TOPICAL TERM | |
| Topical term or geographic name as entry element | Dry cells |
| Form subdivision | Effect of temperature on performance. |
| 650 ## - SUBJECT ADDED ENTRY--TOPICAL TERM | |
| Topical term or geographic name as entry element | Batteries |
| Form subdivision | Testing |
| -- | Temperature conditions. |
| 650 ## - SUBJECT ADDED ENTRY--TOPICAL TERM | |
| Topical term or geographic name as entry element | Electric potential |
| Form subdivision | Measurement |
| -- | Dry cells. |
| 650 ## - SUBJECT ADDED ENTRY--TOPICAL TERM | |
| Topical term or geographic name as entry element | Battery life (Electric batteries) |
| Form subdivision | Influencing factors. |
| 942 ## - ADDED ENTRY ELEMENTS (KOHA) | |
| Source of classification or shelving scheme | Library of Congress Classification |
| Koha item type | PASS |
| Withdrawn status | Lost status | Source of classification or shelving scheme | Damaged status | Home library | Current library | Shelving location | Date acquired | Source of acquisition | Total Checkouts | Full call number | Barcode | Date last seen | Price effective from | Koha item type |
|---|---|---|---|---|---|---|---|---|---|---|---|---|---|---|
| Library of Congress Classification | Luxembourg Library | Luxembourg Library | Portfolio Assessment of SISC Students Section | 12/16/2004 | Donation | PGS TK 2945.T4 .M637 2002 | P0650 | 04/08/2014 | 04/08/2014 | PASS |